Matemáticas ; primer curso segundo ciclo : (Registro nro. 9743)

Detalles MARC
000 -LIDER
fixed length control field 01485nam a22003257a 4500
001 - NÚMERO DE CONTROL
Identificador de número de control 00186
003 - IDENTIFICACDOR DE NÚMERO DE CONTROL
control field DO-SdBNP
005 - DATE AND TIME OF LATEST TRANSACTION
control field 20160627132501.0
007 - CAMPOS FIJOS DE DESCRIPCIÓN FÍSICA
fixed length control field 00186
008 - ELEMENTOS DE LONGITUD FIJA
fixed length control field 160413b dr 1998||||| |||| 00| 0 spa d
020 ## - ISBN
International Standard Book Number 9788482611167
040 ## - FUENTE DE CATALOGACIÓN
Agencia que crea de manera original el registro BPMSU
Idioma de catalogación spa
Agencia que realiza la transcripción BPMSU
092 ## - LOCALLY ASSIGNED DEWEY DECIMAL CALL NUMBER
Número de clasificación 373.7
Número de ítem (Cutter) P762m 1ro. 1998
100 1# - ASIENTO PRINCIPAL -- NOMBRE PERSONAL
Nombre personal Polanco Rivera, Eugenio
245 1# - MENCIÓN DE TITULO
Título Matemáticas ; primer curso segundo ciclo :
Subtítulo [educación media]
Mención de responsabilidad Eugenio Polanco Rivera ; dirección editorial Obdulia García de Escobar
260 ## - PUBLICACIÓN, DISTRIBUCIÓN, ETC. (PIE DE IMPRENTA)
Lugar de publicación, distribución, etc Santo Domingo :
Nombre del editor, distribuidor, etc. Santillana,
Fecha de publicación, distribución, etc 1998.
300 ## - DESCRIPCIÓN FÍSICA
Extensión 103 p. :
Otros detalles físicos il.,
Dimensiones 27 cm.
500 ## - NOTA GENERAL
Nota general Curso 1ro. / segundo ciclo
500 ## - NOTA GENERAL
Nota general La biblioteca posee el cuaderno de ejercicios
505 ## - NOTA DE CONTENIDO
Información miscelánea Álgebra de matrices --
-- Sistema de ecuaciones --
-- Sistema de inecuaciones --
-- Funciones I --
-- La función exponencial --
-- La función logarítmica --
-- Funciones trigonométricas --
-- La recta en el plano --
-- Curvas de segundo grado --
-- Sucesiones y series --
-- funciones II --
-- Área de figuras planas --
-- Sólidos geométricos --
-- Estadística --
-- Probabilidades.<br/>
650 #4 - ENCABEZAMIENTO DE MATERIA--TEMÁTICO
Término temático o nombre geográfico como elemento de entrada MATEMÁTICAS
Subdivisión temática general ENSEÑANZA BÁSICA
650 #4 - ENCABEZAMIENTO DE MATERIA--TEMÁTICO
Término temático o nombre geográfico como elemento de entrada MATEMÁTICAS
Subdivisión temática general EDUCACIÓN PRIMARIA
650 #4 - ENCABEZAMIENTO DE MATERIA--TEMÁTICO
Término temático o nombre geográfico como elemento de entrada MATEMÁTICAS
Subdivisión temática general ESTUDIOS Y EJERCICIOS
650 #4 - ENCABEZAMIENTO DE MATERIA--TEMÁTICO
Término temático o nombre geográfico como elemento de entrada MATEMÁTICAS
Subdivisión temática general LIBROS DE TEXTOS
650 #4 - ENCABEZAMIENTO DE MATERIA--TEMÁTICO
Término temático o nombre geográfico como elemento de entrada EDUCACIÓN PRIMARIA
Subdivisión geográfica REPÚBLICA DOMINICANA
700 1# - ASIENTO SECUNDARIO -- NOMBRE PERSONAL
Nombre personal García de Escobar, Obdulia,
Materiales especificados ed.
910 ## - VALIDACIÓN
Validación Validado. Control de calidad MFF
942 ## - ADDED ENTRY ELEMENTS (KOHA)
Source of classification or shelving scheme Dewey Decimal Classification
Koha item type Libros
956 ## - LOCAL ELECTRONIC LOCATION AND ACCESS (OCLC)
Nombre de host Brenda Tavárez
Existencias
Withdrawn status Lost status Source of classification or shelving scheme Damaged status Not for loan Collection code Home library Current library Date acquired Source of acquisition Total Checkouts Full call number Barcode Date last seen Price effective from Koha item type
    Dewey Decimal Classification       Biblioteca Pública Metropolitana Salomé Ureña Biblioteca Pública Metropolitana Salomé Ureña 04/13/2016 Donación   373.7 P762m 1ro. 1998 Cuaderno BPMESU16040394 04/13/2016 04/13/2016 Libros